Statystyki dla Największe miasta w województwie śląskim A-Z

Kliknij tutaj aby rozwiązać quiz!

Ogólne statystyki

  • Ten quiz został rozwiązany 8 726 razy
    (4 438 od ostatniego zresetowania)
  • Średni wynik to 12 z 20

Statystyki odpowiedzi

#MiastoPopulacja% Poprawnych
KKatowice285 711
98%
GGliwice174 016
87%
CCzęstochowa213 107
84%
ZZabrze158 307
83%
SSosnowiec193 660
78%
DDąbrowa Górnicza116 930
77%
BBielsko-Biała169 089
73%
TTychy124 882
71%
ŻŻory61 823
69%
RRuda Śląska133 793
66%
JJaworzno88 998
64%
MMysłowice72 553
57%
ŚŚwiętochłowice46 494
47%
PPiekary Śląskie53 017
41%
WWodzisław Śląski45 949
41%
LLubliniec23 660
30%
IImielin9 313
27%
UUstroń16 118
26%
ŁŁaziska Górne21 592
18%
OOrzesze21 631
16%

Rozkład punktacji

Percentyl według liczby udzielonych odpowiedzi

Procent ludzi z każdym wynikiem

Twoja historia wyników

Nie rozwiązałeś tego quizu od ostatniego zresetowania